<?xml version="1.0" encoding="UTF-8"?>
<record
    xmlns:xsi="http://www.w3.org/2001/XMLSchema-instance"
    xsi:schemaLocation="http://www.loc.gov/MARC21/slim http://www.loc.gov/standards/marcxml/schema/MARC21slim.xsd"
    xmlns="http://www.loc.gov/MARC21/slim">

  <leader>00582nam a2200133Ia 4500</leader>
  <controlfield tag="001">3443</controlfield>
  <controlfield tag="008">241024s9999    xx            000 0 und d</controlfield>
  <datafield tag="082" ind1=" " ind2=" ">
    <subfield code="a">RD/373.071/R426p/2012</subfield>
  </datafield>
  <datafield tag="100" ind1=" " ind2=" ">
    <subfield code="a">Rep&#xFA;blica Dominicana.Ministerio de Educaci&#xF3;n. Direcci&#xF3;n General de Educaci&#xF3;n Media</subfield>
  </datafield>
  <datafield tag="245" ind1=" " ind2="0">
    <subfield code="a">Proyecto "mejora de los aprendizajes de la Lengua Espa&#xF1;ola a trav&#xE9;s de la implementaci&#xF3;n de estrat&#xE9;gias de ense&#xF1;anza y uso de recursos para la ense&#xF1;anza de la Lengua Espa&#xF1;ola</subfield>
  </datafield>
  <datafield tag="260" ind1=" " ind2=" ">
    <subfield code="b">Santo Domingo, Rep&#xFA;blica Dominicana</subfield>
    <subfield code="c">2012</subfield>
  </datafield>
  <datafield tag="901" ind1=" " ind2=" ">
    <subfield code="a">6/11/2013 11:24:10 a.m.</subfield>
  </datafield>
  <datafield tag="999" ind1=" " ind2=" ">
    <subfield code="c">8556</subfield>
    <subfield code="d">8556</subfield>
  </datafield>
</record>
